Responses for Show #7363 - Wednesday, September 21, 2016

Seth Wilson game 3.

Contestants

[<< previous game]

Sharren Lee Gibbs, a retired federal employee from Gainesville, Florida

Sala Levin, a writer and editor from Washington, D.C.

Seth Wilson, a Ph.D. candidate from Chicago, Illinois (whose 2-day cash winnings total $61,000)

[next game >>]

Jeopardy! Round responses

'80s POP LYRICS IN LATIN
(Alex: You give us the correct English word from the lyric.)
SCIENCE
STUPID ANSWERS
STORIES OF THE WAR
"POLY" WANT
A CRACKER
    $200 1
girl

Seth
    $200 3
pollen

Sala
    $200 7
Instagram

Sala
    $200 12
the American Revolution

Seth
    $200 17
a polygraph

Seth
    $200 22
s'mores

Sharren
    $400 2
sugar

Sharren
    $400 27
a kidney

Seth
    $400 8
Syracuse (University)

Sharren
    $400 13
World War I

Seth
    $400 18
a polytechnical school

Sharren
    $400 23
Goldfish

Sharren
    $600 4
ebony & ivory

Sala
    $600 28
LSD

Seth
    $600 9
Real Simple

Sharren
    $600 14
World War II

Seth
    $600 19
Polychrome

Sharren
    $600 24
Ritz Bits

Seth
    $800 5
maniac

Sala
    $800 29
the gravitational force

Triple Stumper
    $800 10
the Central African Republic

Seth
    $2,000 15
the War of 1812

Seth
    $800 20
[Alex did not mention the expected response.]

a polyglot (polylingual accepted)

Sharren
    $800 25
sesame seeds

Sharren
    $1000 6
ceiling

Seth
    $1000 30
(Sharren: Uranium--what are uranium and xenon?)
(Seth: What are zinc and zircon?)

zinc & zirconium

SethSalaSharren
    $1000 11
the Crow tribe

Sharren
    $1000 16
(Sharren: What is Korea?)
[Seth's run of the category went unacknowledged.]

Vietnam

SethSharren
    $1000 21
(Seth: What is polyamory?)
(Alex: We want you to be more specific.)
(Seth: Uh, what is polygamy?)
(Alex: More specific still. Give you one more shot at it.)
(Seth: Um...)

polyandry

Seth
Triple Stumper
    $1000 26
(Seth: What is Zesty?)

Zesta

Seth
Triple Stumper

Scores at the first commercial break (after clue 15):

Seth Sala Sharren
$5,200 $1,800 $2,400

Scores at the end of the Jeopardy! Round:

Seth Sala Sharren
$5,000 $2,800 $3,600

Double Jeopardy! Round responses

GET RICHARD QUICK
CAPITAL RIVERS
2016 MINUTES OF FAME
FORBIDDING WORDS
RECENT BESTSELLING BOOKS
RELATIVE POP CULTURE
    $400 19
Richard Rodgers

Seth
    $400 13
the Ottawa (River)

Sala
    $400 11
a hacker

Seth
    $400 14
(Sala: What is "Sin"?)

"Taboo"

SalaSharren
    $400 5
The Revenant

Sharren
    $400 1
Jim Henson

Seth
    $800 20
(Seth: Who is... Hudson?)

(Richard) Burton

SethSharren
    $800 27
(Seth: What is Seoul?)

Pyongyang

SethSala
    $800 12
the Olympic flame

Sharren
    $800 15
Prohibition

Sharren
    $800 6
the Koch brothers

Seth
    $800 2
Kate Upton

Seth
    $1200 21
(Richard) Avedon

Sala
    $2,000 28
(Sala: What is Nairobi?)

Kinshasa or Brazzaville

Sala
    $1200 24
(Theresa) May

Sala
    $1200 16
verboten

Seth
    $1200 8
Eden

Sala
    $1200 3
Pee-wee Herman

Seth
    $1600 22
Richard Wright

Seth
    $1600 29
the Amstel

Triple Stumper
    $1600 25
Chris Rock

Sala
    $3,000 17
(Seth: What is the Intolerable Act?)

the Embargo Act

Seth
    $1600 9
a Leprechaun

Seth
    $1600 4
Doctor Who

Sharren
    $2000 23
(Richard) Attenborough

Sharren
    $2000 30
Kathmandu

Sala
    $2000 26
the University of Texas

Seth
    $2000 18
a censor

Triple Stumper
    $2000 10
Arianna Huffington

Seth
    $2000 7
Grosse Pointe Blank

Sala

Scores at the end of the Double Jeopardy! Round:

Seth Sala Sharren
$12,800 $10,800 $10,400

[wagering suggestions for these scores]

Final Jeopardy! Round responses

COLLEGE DISCIPLINES
SharrenWhat is ?
$10,000
SalaWhat is digital communications
$7,000
SethWhat is computer science?
$10,000
computer science

Final scores:

Seth Sala Sharren
$22,800 $3,800 $400
3-day champion: $83,800 2nd place: $2,000 3rd place: $1,000

Game dynamics:

Coryat scores:

Seth Sala Sharren
$14,600 $12,800 $10,400
23 R
(including 1 DD),
6 W
(including 1 DD)
13 R,
2 W
(including 1 DD)
17 R,
2 W

Combined Coryat: $37,800

[game clues] [game scores] [suggest correction]

Game tape date: 2016-07-20
The J! Archive is created by fans, for fans. Scraping, republication, monetization, and malicious use prohibited; this site may use cookies and collect identifying information. See terms. The Jeopardy! game show and all elements thereof, including but not limited to copyright and trademark thereto, are the property of Jeopardy Productions, Inc. and are protected under law. This website is not affiliated with, sponsored by, or operated by Jeopardy Productions, Inc. Join the discussion at JBoard.tv.